Alle Länder des Portugiesischen Kolonialreichs - Statistiken

Allgemein
  • Dieses Quiz wurde 20 mal gespielt
  • Das Durchschnittsergebnis liegt bei 7 aus 12
Antwortstatistiken
Antwort % Korrekt
Brasilien
100%
Angola
89%
Kap Verde
74%
Mosambik
74%
Portugal
68%
Indien
63%
China
58%
Guinea-Bissau
47%
Osttimor
37%
Sri Lanka
37%
São Tomé und Príncipe
32%
Ghana
21%
Keine übereinstimmenden Quizze gefunden
Verteilung der Resultate
Anzahl Personen mit jedem Resultat
Perzentil nach korrekt beantworteten Fragen
Ihre Resultats-Entwicklung
Sie haben dieses Quiz noch nicht gespielt